书目信息 |
| 题名: |
混凝剂与絮凝剂
|
|
| 作者: | 李风亭 , 张善发 , 赵艳 编著 | |
| 分册: | ||
| 出版信息: | 北京 化学工业出版社 2005 |
|
| 页数: | 211页 | |
| 开本: | 26cm | |
| 丛书名: | ||
| 单 册: | ||
| 中图分类: | TQ047.1 | |
| 科图分类: | ||
| 主题词: | 化学--助剂 , 化学 , 助剂 | |
| 电子资源: | ||
| ISBN: | 7-5025-7518-9 | |
| 000 | 00915nam0 2200277 450 | |
| 001 | 012007499221 | |
| 005 | 20070517110758.92 | |
| 010 | @a7-5025-7518-9@dCNY38.00 | |
| 100 | @a20070509d2005 km y0chiy0120 ea | |
| 101 | 0 | @achi |
| 102 | @aCN@b110000 | |
| 105 | @ay z 000yy | |
| 106 | @ar | |
| 200 | 1 | @a混凝剂与絮凝剂@Ahun ning ji yu xu ning ji@f李风亭,张善发,赵艳编著@Fli feng ting,zhang shan fa,zhao yan bian zhu |
| 210 | @a北京@c化学工业出版社@d2005 | |
| 215 | @a211页@d26cm | |
| 330 | @a本书共分九章,分别介绍了混凝剂与絮凝剂的基本概念、无机混凝剂的合成方法与质量控制、无机高分子混凝剂、聚丙烯酰胺类聚合物、脱色混凝剂与吸附剂等。 | |
| 606 | 0 | @a化学@x助剂 |
| 606 | 0 | @a化学 |
| 606 | 0 | @a助剂 |
| 690 | @aTQ047.1@v4 | |
| 701 | 0 | @a李风亭@Ali feng ting@4编著 |
| 701 | 0 | @a张善发@Azhang shan fa@4编著 |
| 701 | 0 | @a赵艳@Azhao yan@4编著 |
| 801 | 0 | @aCN@bRULIN@c20070517 |
| 905 | @dTQ047.1@e116@s8 | |
| 混凝剂与絮凝剂/李风亭,张善发,赵艳编著.-北京:化学工业出版社,2005 |
| 211页;26cm |
| ISBN 7-5025-7518-9:CNY38.00 |
| 本书共分九章,分别介绍了混凝剂与絮凝剂的基本概念、无机混凝剂的合成方法与质量控制、无机高分子混凝剂、聚丙烯酰胺类聚合物、脱色混凝剂与吸附剂等。 |
| ● |
| 相关链接 |
|
|
|
|
正题名:混凝剂与絮凝剂
索取号:TQ047.1/116
 
预约/预借
| 序号 | 登录号 | 条形码 | 馆藏地/架位号 | 状态 | 备注 |
| 1 | 0578367 | 205783678 | 第二样本阅览室/ [索取号:TQ047.1/116] | 在馆 | |
| 2 | 0578368 | 205783687 | 密集书库/ [索取号:TQ047.1/116] | 在馆 | |
| 3 | 0578369 | 205783696 | 密集书库/ [索取号:TQ047.1/116] | 在馆 | |
| 4 | 0578370 | 205783703 | 第三借阅区/ [索取号:TQ047.1/116] | 在馆 | |
| 5 | 0578371 | 205783712 | 第三借阅区/ [索取号:TQ047.1/116] | 在馆 | |
| 6 | 0578372 | 205783721 | 密集书库/ [索取号:TQ047.1/116] | 在馆 | |
| 7 | 0578373 | 205783730 | 第三借阅区/ [索取号:TQ047.1/116] | 在馆 | |
| 8 | 0578374 | 205783749 | 第三借阅区/ [索取号:TQ047.1/116] | 在馆 |